Štandardizácia technológie výroby stopkových rezných nástrojov

Guardado en:
Detalles Bibliográficos
Autor principal: Bračík, Matej, 1990- (Autor)
Otros Autores: Baránek, Ivan, 1947- (Orientador)
Formato: Manuscrito Libro
Lenguaje:eslovaco
Publicado: 2015
Materias:
Acceso en línea:http://is.stuba.sk/zp/portal_zp.pl?podrobnosti=109995
Etiquetas: Agregar Etiqueta
Sin Etiquetas, Sea el primero en etiquetar este registro!

MARC

LEADER 00000ntm a22000003a 4500
001 stuzp51106
003 SK-STU
005 20160719153744.6
007 ta
008 150427s2015----xo-----f-mn---000-0-slo-d
040 |a STU  |b slo 
041 0 |a slo 
100 1 |a Bračík, Matej,  |d 1990-  |u 063000  |4 aut  |U MTF Materiálovotechnologická fakulta  |T MTF Ústav výrobných technológií  |X 6798  |U M3000  |Y 83  |7 A000006798 
242 0 1 |a Standardization of production technology of the shank – type cutting tools.  |y eng 
245 1 0 |a Štandardizácia technológie výroby stopkových rezných nástrojov 
260 |c 2015 
650 4 |a typizácia  |2 slo 
650 4 |a štandardizácia  |2 slo 
650 4 |a technológia výroby  |2 slo 
650 4 |a stopkové rezné nástroje  |2 slo 
650 4 |a brúsny operačný úsek  |2 slo 
650 4 |a standardization  |2 eng 
650 4 |a production technology  |2 eng 
650 4 |a shank-type cutting tools  |2 eng 
650 4 |a typing  |2 eng 
650 4 |a grinding operating segment  |2 eng 
700 1 |a Baránek, Ivan,  |d 1947-  |4 ths  |X 3578  |7 A000003578 
856 4 |u http://is.stuba.sk/zp/portal_zp.pl?podrobnosti=109995 
996 |c M* DP-12360  |l MMSKP  |s P  |a 0  |w stuzp51106_0001 
SQL |a stuzp51106  |b DDP  |c SLO  |d Štandardizácia technológie výroby stopkových rezných nástrojov  |e 6798  |f Bračík, Matej  |g 063000  |h 3578  |i Baránek, Ivan  |j 20150603  |k 187  |l 06  |m http://is.stuba.sk/zp/portal_zp.pl?podrobnosti=109995  |n I-PPN  |o 5.2.51. výrobné technológie